| 000 | 00667nam a22002057a 4500 | ||
|---|---|---|---|
| 999 |
_c9620 _d9620 |
||
| 003 | AR-CdUCM | ||
| 008 | 190328b ||||| |||| 00| 0 spa d | ||
| 040 |
_aMUNICIPALIDAD PROVINCIAL DEL CUSCO _cBIBLIOTECA MUNICIPAL DEL CUSCO |
||
| 082 |
_a869.43 / _bS36 / 1836 |
||
| 100 |
_aSeguel, Gerardo _925942 |
||
| 245 | _aHorizonte despierto / | ||
| 260 |
_aSantiago : _bPanorama, _c1836. |
||
| 300 |
_a9 páginas ; _c21 cm. |
||
| 505 | _aContenido : Hacia el horizonte rojo -- El lugar de mi infancia -- Mapa de Chile -- Manifiesto ... | ||
| 650 |
_aPoesía _9139 |
||
| 650 |
_aChilena _925943 |
||
| 650 |
_aLatinoamericana _95799 |
||
| 942 |
_2ddc _cLIBROS |
||
| 945 | _arah | ||